000 01227nam a2200277 i 4500
001 18416
003 DO-SdUEMH
005 20260406163503.0
007 ta
008 260406b2021 dr a|||gr|||| 00| 0dspa d
020 _a9788426732750
040 _aDO-SdUEMH
_bspa
_erda
041 _aspa
082 0 4 _mRD
_bM483n
100 _eaut
245 1 0 _aNunca dejes de empezar :
_bcambia y evoluciona /
_cMarco Meana Lama
264 0 1 _aMadrid, España :
_bMarcombo,
_c2021
264 4 _c©2021
300 _a189 paginas :
_bilustraciones ;
_c21 cm.
336 _2rdacontent
_atexto
_btxt
337 _2rdamedia
_asin mediación
_bn
338 _2rdacarrier
_avolumen
_bnc
504 _aBibliografías en páginas 188-189
505 1 _aPrimera parte. Lo que hay que saber -- Tu futuro -- Cómo conseguir el trabajo de tus sueños -- A lo tuyo -- Nunca es tarde -- La teoría de los controlables -- Si de verdad quieres cambiar -- La teoría de la unificación -- La economía de hoy -- Pivotar o aguantar -- El valor -- Ten un propósito -- El balance -- La sonrisa -- Tu mente -- La teoría de la simpleza -- Problemas -- Cómo entender una empresa -- Segunda parte. Descubrir el éxito -- La historia de Brad
942 _2ddc
_n0
_cBK
999 _c18416
_d18416